A Beginner's Guide to the Later Philosophy of Wittgenstein : Seventeen Lectures and Dialogues on the Philosophical Investigations /

Guardat en:
Dades bibliogràfiques
Autor principal: Hacker, Peter (autor)
Format: Llibre
Idioma:anglès
Publicat: Londres, Inglaterra : Anthem, 2023, c2023
Matèries:
Accés en línia:Ver documento en línea
Etiquetes: Afegir etiqueta
Sense etiquetes, Sigues el primer a etiquetar aquest registre!

MARC

LEADER 00000nam^a2200000^a^4500
001 000590605
005 20251023000000.0
009 20260310132911.526
020 |a 9781839991158 
037 |a Acervo ITESO - Biblioteca 
041 |a ING 
082 |a 146. 4  |b WIT EST HAC 
100 |a Hacker, Peter  |e (autor) 
245 1 2 |a A Beginner's Guide to the Later Philosophy of Wittgenstein :  |b Seventeen Lectures and Dialogues on the Philosophical Investigations /  |c P. Hacker. 
264 4 |a Londres, Inglaterra :  |b Anthem,  |c 2023, c2023 
264 2 |a Cartagena, España :  |b Odilo [distribución],  |c 2024 
300 |a 1 libro electrónico en línea (1 v. sin paginación) 
300 |a 1 recurso en línea 
336 |a datos para computadora  |b cod  |2 rdacontenido 
337 |a computadora  |b c  |2 rdamedio 
338 |a recurso en línea  |b cr  |2 rdasoporte 
506 1 |a 1 licencia 
521 |a Odilo 2024 EEnlace Departamento de Filosofía y Humanidades 
649 |a XX 
650 |a Filósofos Austríacos 
650 |a Análisis del Discurso 
650 |a Positivismo Lógico -  |x Historia y Crítica 
650 |a Filosofía Analítica -  |x Historia y Crítica 
650 |a Filosofía del Siglo XX -  |x Historia y Crítica 
650 |a Filosofía Alemana -  |x Historia y Crítica 
650 |a Wittgenstein, Ludwig -  |x Tema Principal 
856 4 0 |u https://iteso-odilotk-es.ezproxy.iteso.mx/info/03899211  |y Ver documento en línea 
910 |a Fondo General 
920 |a Electrónicos - Libros en Línea 
930 |a Plataforma Digital 
905 |a 205 
901 |a 590605-1  |b IT2  |c EBO  |i C  |u 20250521 
902 |a https://opac.biblio.iteso.mx/vufind/Record/000590605